Normal view
MARC view
- Fluid Mechanics
Entry Topical Term
Number of records used in: 115
001 - CONTROL NUMBER
- control field: 1678
003 - CONTROL NUMBER IDENTIFIER
- control field: NUST
005 - DATE AND TIME OF LATEST TRANSACTION
- control field: 20170531105931.0
008 - FIXED-LENGTH DATA ELEMENTS
- fixed length control field: 170531|| aca||aabn | a|a d
040 ## - CATALOGING SOURCE
- Original cataloging agency: NUST
- Transcribing agency: NUST
150 ## - HEADING--TOPICAL TERM
- Topical term or geographic name entry element: Fluid Mechanics
670 ## - SOURCE DATA FOUND
- Source citation: Work cat.: (NUST)24343: Douglas, John F. 1677, FLUID MECHANICS /, c2008.
